Geography starting with M - Statistics

General Stats
  • This quiz has been taken 32 times
  • The average score is 7 of 10
Answer Stats
Letters Clue Answer % Correct
4 Landlocked African country Mali
100%
6 Philippines capital Manila
97%
5 New England state Maine
93%
7 Country between Ukraine and Romania Moldova
93%
9 Part of Former Yugoslavia Macedonia
90%
10 North American capital Mexico City
80%
11 US State known as Magnolia state Mississippi
80%
13 One of the Thirteen Colonies Massachusetts
77%
8 Second largest island of Philippines Mindanao
23%
12 Large city in Florida that has largest Afro American population Miami Gardens
13%
No matching quizzes found
Score Distribution
Percent of People with Each Score
Percentile by Number Answered
Your Score History
You have not taken this quiz